Obras de Lope de Vega

Guardat en:
Dades bibliogràfiques
Autor corporatiu: Real Academia Española (Autor)
Format: Llibre
Idioma:espanyol
Publicat: Madrid Revista de Archivo Bibliografías y Museos 1916
Matèries:
Etiquetes: Afegir etiqueta
Sense etiquetes, Sigues el primer a etiquetar aquest registre!

MARC

LEADER 00000nam a2200000 a 4500
001 UCS3954
003 CL-VaPUC
008 970718e19160000SP |||||||||||||||||spa|d
082 0 4 |a 862  |b REA  |2 21 
110 2 |a Real Academia Española  |e author  |9 390131 
245 1 0 |a Obras de Lope de Vega 
300 |a v 
942 |c BK 
945 |d 19970718 00:00:00  |a jquezada 
260 |a Madrid  |b Revista de Archivo Bibliografías y Museos  |c 1916 
600 0 7 |a VEGA, LOPE DE  |2 CL-VaPUC  |9 319628 
650 0 |a Literatura española  |9 306261 
650 0 |a Crítica literaria   |9 269189 
650 0 |a Teatro español  |9 265077 
650 0 |a Crítica e interpretación   |9 255042 
650 7 |a COMEDIA ESPAÑOLA  |2 CL-VaPUC  |9 315743 
583 |a last modification  |c 19970718 00:00:00  |k Rodrigo Vera 
999 |c 261407  |d 261405 
952 |0 0  |1 0  |4 0  |6 862_000000000000000_REA_1916  |7 0  |8 A  |9 288812  |a BIBEDU  |b BIBEDU  |d 2019-11-19  |h v.3  |i 3304469  |o 862 REA 1916  |p 3304469  |r 2019-11-19  |w 2019-11-19  |y BK  |k LIT 
952 |0 0  |1 0  |4 0  |6 862_000000000000000_REA_1916  |7 0  |8 A  |9 288813  |a BIBEDU  |b BIBEDU  |d 2019-11-19  |h v.1  |i 1341138  |o 862 REA 1916  |p 1341138  |r 2019-11-19  |w 2019-11-19  |y BK  |k LIT 
952 |0 0  |1 0  |4 0  |6 862_000000000000000_REA_1916  |7 0  |8 A  |9 288814  |a BIBEDU  |b BIBEDU  |d 2019-11-19  |h v.2  |i 1341146  |o 862 REA 1916  |p 1341146  |r 2019-11-19  |w 2019-11-19  |y BK  |k LIT 
952 |0 0  |1 0  |4 0  |6 862_000000000000000_REA_1916  |7 0  |8 A  |9 288815  |a BIBEDU  |b BIBEDU  |d 2019-11-19  |h v.5  |i 1341154  |o 862 REA 1916  |p 1341154  |r 2019-11-19  |w 2019-11-19  |y BK  |k LIT 
952 |0 0  |1 0  |4 0  |6 862_000000000000000_REA_1916  |7 0  |8 A  |9 288816  |a BIBEDU  |b BIBEDU  |d 2019-11-19  |h v.6  |i 1341162  |o 862 REA 1916  |p 1341162  |r 2019-11-19  |w 2019-11-19  |y BK  |k LIT 
952 |0 0  |1 0  |4 0  |6 862_000000000000000_REA_1916  |7 0  |8 A  |9 288817  |a BIBEDU  |b BIBEDU  |d 2019-11-19  |h v.7  |i 1341170  |o 862 REA 1916  |p 1341170  |r 2019-11-19  |w 2019-11-19  |y BK  |k LIT 
952 |0 0  |1 0  |4 0  |6 862_000000000000000_REA_1916  |7 0  |8 A  |9 288818  |a BIBEDU  |b BIBEDU  |d 2019-11-19  |h v.8  |i 1341189  |o 862 REA 1916  |p 1341189  |r 2019-11-19  |w 2019-11-19  |y BK  |k LIT 
952 |0 0  |1 0  |4 0  |6 862_000000000000000_REA_1916  |7 0  |8 A  |9 288819  |a BIBEDU  |b BIBEDU  |d 2019-11-19  |h v.9  |i 1341197  |o 862 REA 1916  |p 1341197  |r 2019-11-19  |w 2019-11-19  |y BK  |k LIT 
952 |0 0  |1 0  |4 0  |6 862_000000000000000_REA_1916  |7 0  |8 A  |9 288820  |a BIBEDU  |b BIBEDU  |d 2019-11-19  |h v.10  |i 1341200  |o 862 REA 1916  |p 1341200  |r 2019-11-19  |w 2019-11-19  |y BK  |k LIT 
952 |0 0  |1 0  |4 0  |6 862_000000000000000_REA_1916  |7 0  |8 A  |9 288821  |a BIBEDU  |b BIBEDU  |d 2019-11-19  |h v.11  |i 1341219  |o 862 REA 1916  |p 1341219  |r 2019-11-19  |w 2019-11-19  |y BK  |k LIT 
952 |0 0  |1 0  |4 0  |6 862_000000000000000_REA_1916  |7 0  |8 A  |9 288822  |a BIBEDU  |b BIBEDU  |d 2019-11-19  |h v.12  |i 1341227  |o 862 REA 1916  |p 1341227  |r 2019-11-19  |w 2019-11-19  |y BK  |k LIT 
952 |0 0  |1 0  |4 0  |6 862_000000000000000_REA_1916  |7 0  |8 A  |9 288823  |a BIBEDU  |b BIBEDU  |d 2019-11-19  |h v.13  |i 1341235  |o 862 REA 1916  |p 1341235  |r 2019-11-19  |w 2019-11-19  |y BK  |k LIT 
952 |0 0  |1 0  |4 0  |6 862_000000000000000_REA_1916  |7 0  |8 A  |9 288824  |a BIBEDU  |b BIBEDU  |d 2019-11-19  |h v.4  |i 1337815  |o 862 REA 1916  |p 1337815  |r 2019-11-19  |w 2019-11-19  |y BK  |k LIT